[Event "Sportsko leto 2017"]
[Site "Paracin"]
[Date "2017.07.11"]
[Round "5.1"]
[White "Zanan, Evgeny"]
[Black "Ali Marandi, Cemil Can"]
[Result "1/2-1/2"]
[WhiteElo "2428"]
[BlackElo "2515"]
[PlyCount "114"]
[EventDate "2017.??.??"]

1. d4 d5 2. Nf3 Nf6 3. Bf4 e6 4. e3 Bd6 5. Bg3 O-O 6. Nbd2 c5 7. c3 Qc7 8. dxc5
Qxc5 9. Bd3 Bxg3 10. hxg3 h6 11. Qe2 Nbd7 12. e4 dxe4 13. Nxe4 Nxe4 14. Qxe4
Nf6 15. Qe5 b6 16. Qxc5 bxc5 17. Ne5 Bb7 18. f3 Rfd8 19. O-O-O Kf8 20. Bb5 Ke7
21. Bc6 Rxd1+ 22. Rxd1 Bxc6 23. Nxc6+ Ke8 24. c4 Nd7 25. Rd3 a5 26. a4 Nb6 27.
b3 Nd7 28. g4 Nf8 29. g3 f6 30. f4 g5 31. Rd6 Kf7 32. Kc2 gxf4 33. gxf4 Kg6 34.
Nd8 h5 35. gxh5+ Kxh5 36. Nxe6 Nxe6 37. Rxe6 f5 38. Re5 Kg4 39. Rxc5 Kxf4 40.
Kc3 Ke4 41. Rc7 Re8 42. Ra7 Re5 43. b4 axb4+ 44. Kxb4 f4 45. Rf7 f3 46. a5 Rf5
47. Rxf5 Kxf5 48. a6 f2 49. a7 f1=Q 50. a8=Q Qb1+ 51. Kc3 Qc1+ 52. Kd4 Qg1+ 53.
Kc3 Qc1+ 54. Kb4 Qb1+ 55. Kc5 Qg1+ 56. Kd6 Qg3+ 57. Kc5 Ke5 1/2-1/2

[Event "Sportsko leto 2017"]
[Site "Paracin"]
[Date "2017.07.11"]
[Round "5.2"]
[White "Atalik, Suat"]
[Black "Kosic, Dragan"]
[Result "1-0"]
[WhiteElo "2525"]
[BlackElo "2487"]
[PlyCount "113"]
[EventDate "2017.??.??"]

1. d4 Nf6 2. c4 e6 3. Nc3 Bb4 4. Qc2 O-O 5. Nf3 c5 6. dxc5 Na6 7. g3 Nxc5 8.
Bg2 b6 9. O-O Bb7 10. Nb5 Nce4 11. Ng5 d5 12. Nxe4 Nxe4 13. cxd5 exd5 14. Be3
a6 15. Bxe4 dxe4 16. Rfd1 Qf6 17. Qb3 Bc5 18. Nd6 Bxd6 19. Qxb6 Be5 20. Qxb7
Rab8 21. Qxe4 Rxb2 22. Rd5 Bc3 23. Bc5 Qe6 24. Qxe6 fxe6 25. Rd3 Rc2 26. Rb1
Rc8 27. Rb7 Bf6 28. Be7 Ba1 29. Re3 e5 30. Bd6 Re8 31. Rb8 Rxb8 32. Bxb8 Rc5
33. Ra3 Rc8 34. Ba7 Rc6 35. Kg2 Kf7 36. e4 g5 37. g4 Bc3 38. Rb3 Ba5 39. Be3 h6
40. Rb7+ Kg6 41. Kg3 Bd8 42. Rb8 Ba5 43. h4 gxh4+ 44. Kxh4 Rd6 45. Rg8+ Kf7 46.
Rh8 Bd2 47. Bxd2 Rxd2 48. Rxh6 Rxa2 49. Kg3 a5 50. Ra6 a4 51. g5 a3 52. f3 Ra1
53. Kg4 a2 54. Kf5 Rf1 55. Ra7+ Kg8 56. Rxa2 Rxf3+ 57. Kg6 1-0

[Event "Sportsko leto 2017"]
[Site "Paracin"]
[Date "2017.07.11"]
[Round "5.3"]
[White "Nestorovic, Nikola"]
[Black "Lajthajm, Borko"]
[Result "0-1"]
[WhiteElo "2509"]
[BlackElo "2434"]
[PlyCount "124"]
[EventDate "2017.??.??"]

1. e4 e6 2. d4 d5 3. Nc3 dxe4 4. Nxe4 Bd7 5. Nf3 Bc6 6. Bd3 Nd7 7. c3 Ngf6 8.
Ng3 Bd6 9. O-O O-O 10. Re1 Bxf3 11. Qxf3 c6 12. Bg5 Qa5 13. h4 Rfe8 14. b4 Qc7
15. h5 h6 16. Bxf6 Nxf6 17. Ne4 Nd7 18. a4 a5 19. b5 Be7 20. Rab1 Red8 21. bxc6
bxc6 22. Nd2 Nf6 23. Nc4 Rab8 24. Ne5 c5 25. Rxb8 Rxb8 26. d5 exd5 27. Ng4 c4
28. Nxf6+ Bxf6 29. Bc2 Qd7 30. Bf5 Qc6 31. g3 Kf8 32. Bc2 Re8 33. Rd1 Rd8 34.
Qf5 Bxc3 35. Be4 Qe6 36. Rxd5 Re8 37. Qxe6 Rxe6 38. f3 Bb4 39. Rd7 c3 40. Kf1
Bd6 41. Rd8+ Ke7 42. Rc8 Bb4 43. g4 Kd7 44. Rc4 Rd6 45. Bf5+ Ke7 46. Rc7+ Kf6
47. Ke2 Rd2+ 48. Ke3 Ra2 49. f4 Rxa4 50. Bc2 Bd6 51. Rc6 Ra2 52. Bb3 Rb2 53.
Bxf7 Kxf7 54. Rxd6 Rg2 55. Kf3 c2 56. Rc6 Rh2 57. Ke3 a4 58. Kd3 Rg2 59. Rxc2
Rxc2 60. Kxc2 Ke6 61. Kb2 Kd5 62. Ka3 Ke4 0-1

[Event "Sportsko leto 2017"]
[Site "Paracin"]
[Date "2017.07.11"]
[Round "5.4"]
[White "Damljanovic, Branko"]
[Black "Mcphillips, Joseph"]
[Result "1-0"]
[WhiteElo "2544"]
[BlackElo "2400"]
[PlyCount "127"]
[EventDate "2017.??.??"]

1. Nf3 Nf6 2. c4 e6 3. d4 b6 4. g3 Ba6 5. b3 Bb7 6. Bg2 Bb4+ 7. Bd2 a5 8. O-O
O-O 9. Bc3 Bxc3 10. Nxc3 Ne4 11. Rc1 d6 12. d5 Nxc3 13. Rxc3 Nd7 14. e4 Nc5 15.
Re3 e5 16. Nd2 f5 17. exf5 Rxf5 18. a3 Bc8 19. b4 axb4 20. axb4 Nd7 21. Qc2 Rf8
22. Ne4 Nf6 23. Ng5 Qe8 24. f4 Qh5 25. h3 exf4 26. gxf4 Qh4 27. Ne6 Rf7 28. f5
Re7 29. Qc3 Ra2 30. Rg3 Ba6 31. b5 Bc8 32. Rf4 Qh6 33. Rgf3 Bxe6 34. dxe6 Qg5
35. Rf2 Rxf2 36. Rxf2 Qh4 37. Qd3 h6 38. Bc6 Qg5+ 39. Kh2 Qh4 40. Kg2 Nh5 41.
Qf3 Nf6 42. Qf4 Qxf4 43. Rxf4 g5 44. Rf1 Kg7 45. h4 gxh4 46. Rf4 h5 47. Kh3 Kh6
48. Kxh4 Rg7 49. Rf1 Rg4+ 50. Kh3 Rg7 51. Re1 Re7 52. Rg1 Rg7 53. Re1 Re7 54.
Kh4 Ng4 55. Rf1 Nf6 56. Rg1 Rg7 57. Rxg7 Kxg7 58. e7 Kf7 59. e8=Q+ Nxe8 60.
Bxe8+ Kxe8 61. Kxh5 Kf7 62. Kg5 Kg7 63. f6+ Kf7 64. Kf5 1-0

[Event "Sportsko leto 2017"]
[Site "Paracin"]
[Date "2017.07.11"]
[Round "5.5"]
[White "Ivic, Velimir"]
[Black "Sanal, Vahap"]
[Result "1-0"]
[WhiteElo "2375"]
[BlackElo "2533"]
[PlyCount "97"]
[EventDate "2017.??.??"]

1. e4 e5 2. Nf3 Nc6 3. Bb5 a6 4. Ba4 Nf6 5. O-O Be7 6. d3 b5 7. Bb3 d6 8. a4
Bd7 9. c3 O-O 10. Nbd2 Na5 11. Bc2 c5 12. Re1 Re8 13. Nf1 Nc6 14. h3 Qc7 15.
Ne3 Bf8 16. Nh2 Be6 17. Nhg4 Nxg4 18. hxg4 Rad8 19. Bb3 Qb7 20. Bd5 Bxd5 21.
exd5 Ne7 22. Qf3 Ng6 23. Qe4 Nf4 24. Kh2 c4 25. dxc4 bxc4 26. Nxc4 Qxd5 27.
Bxf4 Qxe4 28. Rxe4 exf4 29. Rxe8 Rxe8 30. Rd1 g6 31. g3 Rc8 32. Nb6 Rb8 33. a5
fxg3+ 34. Kxg3 Re8 35. Kf3 Re5 36. b4 f5 37. c4 fxg4+ 38. Kxg4 h5+ 39. Kf3 Rf5+
40. Ke2 Re5+ 41. Kf1 Re7 42. b5 Ra7 43. c5 axb5 44. c6 Be7 45. Nc8 Rc7 46.
Nxe7+ Kf7 47. Nd5 Rxc6 48. Ra1 Ra6 49. Nc7 1-0

[Event "Sportsko leto 2017"]
[Site "Paracin"]
[Date "2017.07.11"]
[Round "5.6"]
[White "Nestorovic, Lazar"]
[Black "Kadric, Denis"]
[Result "1/2-1/2"]
[WhiteElo "2371"]
[BlackElo "2515"]
[PlyCount "48"]
[EventDate "2017.??.??"]

1. e4 c5 2. Nf3 d6 3. d4 cxd4 4. Nxd4 Nf6 5. Nc3 a6 6. Nb3 e5 7. Bg5 Be7 8. h4
Nbd7 9. Qe2 b5 10. O-O-O O-O 11. Kb1 Bb7 12. g4 b4 13. Nd5 Nxd5 14. exd5 a5 15.
Bxe7 Qxe7 16. Nd4 Nc5 17. f4 Rfe8 18. fxe5 Bxd5 19. Bg2 Bxg2 20. Qxg2 dxe5 21.
Nf5 Qe6 22. Rd6 Qc4 23. Re1 e4 24. Qf2 Ne6 1/2-1/2

[Event "Sportsko leto 2017"]
[Site "Paracin"]
[Date "2017.07.11"]
[Round "5.7"]
[White "Radovanovic, Mihajlo"]
[Black "Kovacevic, Aleksandar"]
[Result "1/2-1/2"]
[WhiteElo "2337"]
[BlackElo "2507"]
[PlyCount "53"]
[EventDate "2017.??.??"]

1. Nf3 c5 2. c4 Nc6 3. g3 g6 4. Bg2 Bg7 5. Nc3 Nh6 6. h4 d6 7. d3 Ng4 8. h5 O-O
9. Bd2 h6 10. hxg6 fxg6 11. Qc1 g5 12. Nd5 e6 13. Ne3 Nf6 14. Bc3 d5 15. cxd5
exd5 16. Bxf6 Qxf6 17. Nxd5 Qf7 18. Qxc5 Be6 19. O-O g4 20. Nh4 Bd4 21. Qc4
Bxf2+ 22. Kh2 Rad8 23. Rxf2 Qxf2 24. Qe4 Bxd5 25. Qg6+ Kh8 26. Qxh6+ Kg8 27.
Qg6+ 1/2-1/2

[Event "Sportsko leto 2017"]
[Site "Paracin"]
[Date "2017.07.11"]
[Round "5.8"]
[White "Cvetanovic, Uros"]
[Black "Kobo, Ori"]
[Result "1/2-1/2"]
[WhiteElo "2266"]
[BlackElo "2494"]
[PlyCount "67"]
[EventDate "2017.??.??"]

1. g3 d5 2. Bg2 e5 3. d3 Nf6 4. Nf3 Nc6 5. O-O Bg4 6. h3 Bf5 7. Nbd2 Qd7 8. Kh2
h6 9. c4 d4 10. a3 a5 11. Qa4 Bd6 12. b4 O-O 13. b5 Ne7 14. Qc2 b6 15. a4 Ng6
16. Nb3 Bb4 17. Bd2 Bxd2 18. Nfxd2 Rad8 19. c5 Nd5 20. cxb6 cxb6 21. Qc6 Qxc6
22. bxc6 Nc3 23. Rfe1 Be6 24. Bf3 Rd6 25. Rec1 Ne7 26. e3 Nxc6 27. Bxc6 Rxc6
28. exd4 Rd8 29. dxe5 Rxd3 30. Rc2 Rd8 31. Rac1 Rdc8 32. Nd4 Rc5 33. Nxe6 fxe6
34. Nb3 1/2-1/2

[Event "Sportsko leto 2017"]
[Site "Paracin"]
[Date "2017.07.11"]
[Round "5.9"]
[White "Savic, Miodrag R"]
[Black "Mesaros, Florian"]
[Result "1-0"]
[WhiteElo "2492"]
[BlackElo "2415"]
[PlyCount "55"]
[EventDate "2017.??.??"]

1. e4 e5 2. Nf3 Nc6 3. Bc4 Bc5 4. c3 Nf6 5. d3 a6 6. O-O d6 7. Bb3 Ba7 8. h3
O-O 9. Re1 Ne7 10. Nbd2 Ng6 11. Nf1 Re8 12. Ng3 Be6 13. Bxe6 Rxe6 14. Qb3 Rb8
15. d4 Qd7 16. d5 Ree8 17. Bg5 Nf4 18. Bxf6 Nxh3+ 19. Kf1 Qg4 20. Nf5 Nxf2 21.
Qc2 Nh1 22. Bh4 c6 23. Rad1 cxd5 24. Rxd5 Re6 25. Red1 Qf4 26. Ke2 g6 27. g3
Nxg3+ 28. Bxg3 1-0

[Event "Sportsko leto 2017"]
[Site "Paracin"]
[Date "2017.07.11"]
[Round "5.10"]
[White "Fernandez, Daniel Howard"]
[Black "Atakisi, Umut"]
[Result "1-0"]
[WhiteElo "2485"]
[BlackElo "2373"]
[PlyCount "69"]
[EventDate "2017.??.??"]

1. e4 c5 2. Nf3 Nc6 3. Bb5 d6 4. c3 Nf6 5. Qe2 Bd7 6. d4 cxd4 7. cxd4 e5 8. d5
Nb8 9. Nc3 Be7 10. O-O O-O 11. Nd2 a6 12. Bxd7 Nbxd7 13. a4 a5 14. Nc4 Nc5 15.
Be3 Nfd7 16. f3 Rc8 17. Nb5 Nb6 18. Nxb6 Qxb6 19. Rac1 Qd8 20. Bxc5 dxc5 21.
Rfd1 Bd6 22. Na3 c4 23. Nxc4 Bc5+ 24. Kh1 Bd4 25. f4 f6 26. Qg4 Re8 27. fxe5
fxe5 28. b3 Rc5 29. d6 Rc6 30. Rf1 Bc5 31. Qf5 Bxd6 32. Qf7+ Kh8 33. Rcd1 Rg8
34. Qxb7 Qc7 35. Nxd6 1-0

[Event "Sportsko leto 2017"]
[Site "Paracin"]
[Date "2017.07.11"]
[Round "5.11"]
[White "Sarenac, David"]
[Black "Blagojevic, Dragisa"]
[Result "1/2-1/2"]
[WhiteElo "2329"]
[BlackElo "2483"]
[PlyCount "92"]
[EventDate "2017.??.??"]

1. e4 e5 2. Nf3 Nc6 3. c3 Nf6 4. d4 Nxe4 5. d5 Nb8 6. Nxe5 Qe7 7. Qd4 d6 8.
Bb5+ Bd7 9. Bxd7+ Nxd7 10. Nxd7 Nf6+ 11. Be3 Qxd7 12. h3 Be7 13. c4 O-O 14. Nc3
a6 15. O-O Rae8 16. Rfe1 Qc8 17. Re2 Nd7 18. Rae1 Bf6 19. Qd2 Re7 20. Bf4 Rxe2
21. Rxe2 Bxc3 22. Qxc3 Re8 23. Kf1 Rxe2 24. Kxe2 Qe8+ 25. Qe3 Qxe3+ 26. Kxe3 a5
27. g4 f6 28. b3 Kf7 29. Bg3 Kg6 30. f4 h5 31. Kf3 hxg4+ 32. hxg4 a4 33. Bf2
axb3 34. f5+ Kf7 35. axb3 Ne5+ 36. Kg3 g5 37. Bd4 Ke7 38. Bxe5 dxe5 39. c5 b6
40. b4 bxc5 41. bxc5 Kd7 42. Kf3 Kc8 43. Ke4 Kb7 44. Kd3 Ka6 45. Kc4 Kb7 46.
Kd3 Ka6 1/2-1/2

[Event "Sportsko leto 2017"]
[Site "Paracin"]
[Date "2017.07.11"]
[Round "5.12"]
[White "Cabarkapa, Novak"]
[Black "Harvey, Marcus R"]
[Result "1/2-1/2"]
[WhiteElo "2426"]
[BlackElo "2292"]
[PlyCount "82"]
[EventDate "2017.??.??"]

1. Nc3 d5 2. d4 Nf6 3. Bf4 Bf5 4. f3 e6 5. Qd2 a6 6. g4 Bg6 7. h4 h5 8. g5 Nfd7
9. e4 Nb6 10. Qh2 Bd6 11. Nh3 dxe4 12. Bxd6 Qxd6 13. Qxd6 cxd6 14. Nf4 e3 15.
Nxg6 fxg6 16. Bh3 Nc6 17. O-O-O Rf8 18. Bxe6 Rxf3 19. Rh3 Rxh3 20. Bxh3 Kf7 21.
Rf1+ Kg8 22. Be6+ Kh7 23. d5 Nd4 24. Re1 Rf8 25. Rxe3 Rf1+ 26. Nd1 Rf4 27. b3
Rxh4 28. c4 a5 29. Nf2 a4 30. Ne4 a3 31. Nxd6 Rf4 32. b4 Nxc4 33. Nxc4 Nxe6 34.
dxe6 Rxc4+ 35. Kd2 Rc8 36. Kd3 Kg8 37. Kd4 Kf8 38. Rxa3 Ke7 39. Ra7 Kxe6 40.
Rxb7 Ra8 41. Ke4 Rxa2 1/2-1/2

[Event "Sportsko leto 2017"]
[Site "Paracin"]
[Date "2017.07.11"]
[Round "5.13"]
[White "Ozenir, Ekin Baris"]
[Black "Petrov, Martin"]
[Result "0-1"]
[WhiteElo "2098"]
[BlackElo "2417"]
[PlyCount "42"]
[EventDate "2017.??.??"]

1. d4 e6 2. c4 b6 3. Nc3 Bb7 4. e3 f5 5. Nge2 Nf6 6. Nf4 Bb4 7. f3 O-O 8. Bd2
Nc6 9. Qb3 Bd6 10. Nce2 a5 11. Nd3 a4 12. Qc2 e5 13. c5 bxc5 14. Nxc5 Bxc5 15.
dxc5 Qe7 16. Ng3 g6 17. Bb5 f4 18. Ne2 fxe3 19. Bxe3 Nd5 20. Bc4 Ncb4 21. Qd2
Qh4+ 0-1

[Event "Sportsko leto 2017"]
[Site "Paracin"]
[Date "2017.07.11"]
[Round "5.14"]
[White "Haria, Ravi"]
[Black "Radovic, Luka"]
[Result "1-0"]
[WhiteElo "2417"]
[BlackElo "2264"]
[PlyCount "87"]
[EventDate "2017.??.??"]

1. Nf3 d5 2. g3 Nf6 3. Bg2 Bg4 4. c4 c6 5. Ne5 Be6 6. cxd5 Bxd5 7. Nf3 e5 8.
Nc3 Bxf3 9. Bxf3 Be7 10. O-O O-O 11. Rb1 a5 12. a3 Na6 13. d3 Re8 14. Be3 Nd5
15. Nxd5 cxd5 16. Qb3 d4 17. Bd2 Nc5 18. Qb5 a4 19. Bb4 Nb3 20. Bxb7 Ra7 21.
Bd5 Qb8 22. Qxb8 Rxb8 23. Bxe7 Rxe7 24. Bxb3 Rxb3 25. Rfc1 f6 26. Rc4 Reb7 27.
Rxa4 Rxb2 28. Rxb2 Rxb2 29. Kf1 g5 30. g4 Kg7 31. Ra8 Ra2 32. a4 Kg6 33. a5 h5
34. h3 h4 35. a6 Kf7 36. Kg2 Kg7 37. Kf3 Kf7 38. a7 Kg7 39. e3 Ra1 40. exd4
exd4 41. Ke4 Ra4 42. Kd5 Kh7 43. Ke6 Kg7 44. Rd8 1-0

[Event "Sportsko leto 2017"]
[Site "Paracin"]
[Date "2017.07.11"]
[Round "5.15"]
[White "Ardeleanu, Alin"]
[Black "Zajic, Milan"]
[Result "1/2-1/2"]
[WhiteElo "2339"]
[BlackElo "2513"]
[PlyCount "44"]
[EventDate "2017.??.??"]

1. e4 c6 2. Nc3 d5 3. Qf3 e5 4. exd5 Nf6 5. dxc6 Nxc6 6. Bb5 Bd7 7. Nd5 Nd4 8.
Nxf6+ gxf6 9. Bxd7+ Qxd7 10. Qe4 Bg7 11. c3 f5 12. Qb1 Nc6 13. d3 O-O-O 14. Bg5
f6 15. Bd2 Qxd3 16. Qxd3 Rxd3 17. O-O-O Rhd8 18. Kc2 Bf8 19. Ne2 f4 20. Bc1
Rxd1 21. Rxd1 Rxd1 22. Kxd1 Kd7 1/2-1/2

[Event "International Tournament "]
[Site "Paracin, Hotel "]
[Date "2017.07.11"]
[Round "5.16"]
[White "Maksimovic, Bojan"]
[Black "Tan, Justin"]
[Result "0-1"]
[WhiteElo "2312"]
[BlackElo "2462"]
[PlyCount "88"]
[EventDate "2017.07.07"]

1. e4 e6 2. d4 d5 3. Nc3 Nf6 4. Bg5 dxe4 5. Nxe4 Be7 6. Nxf6+ Bxf6 7. Bxf6 Qxf6
8. Nf3 O-O 9. c3 Nd7 10. Be2 Rd8 11. O-O c5 12. dxc5 Nxc5 13. Qc1 b6 14. Qe3
Bb7 15. Rad1 h6 16. h3 Na4 17. Qc1 Bd5 18. Qc2 Nc5 19. Nd2 Rac8 20. Bf3 Qf4 21.
Bxd5 Rxd5 22. Nf3 Rcd8 23. Rxd5 Rxd5 24. Rd1 Qa4 25. Qxa4 Nxa4 26. Rxd5 exd5
27. b3 Nxc3 28. a4 Kf8 29. Kf1 Ke7 30. Nd4 a6 31. Ke1 g6 32. Kd2 Ne4+ 33. Ke3
Nc5 34. f3 Kd6 35. f4 Ne6 36. Nf3 f6 37. g3 Kc5 38. Kd3 Kb4 39. Kc2 a5 40. Kb2
Kc5 41. Kc3 d4+ 42. Kb2 Kd5 43. Nd2 Nc5 44. g4 Nd3+ 0-1

[Event "International Tournament "]
[Site "Paracin, Hotel "]
[Date "2017.07.11"]
[Round "5.17"]
[White "Vucinic, Gojko"]
[Black "Cerovic, Danilo"]
[Result "0-1"]
[WhiteElo "2415"]
[BlackElo "2335"]
[PlyCount "68"]
[EventDate "2017.07.07"]

1. c4 e5 2. g3 Nf6 3. Bg2 c6 4. d4 exd4 5. Qxd4 d5 6. Nc3 Be6 7. cxd5 cxd5 8.
Nf3 Nc6 9. Qa4 Bc5 10. O-O O-O 11. Bg5 h6 12. Qb5 Be7 13. Be3 d4 14. Rfd1 Bd7
15. Nxd4 Nxd4 16. Qxb7 Rb8 17. Qxa7 Nc2 18. Bc6 Nxa1 19. Bxd7 Nxd7 20. Rxd7 Qc8
21. Rxe7 Rxb2 22. Rc7 Qf5 23. Bc1 Rbb8 24. Qa4 Ra8 25. Qc6 Rac8 26. Bb2 Rxc7
27. Qxc7 Nc2 28. Qd6 Qe6 29. Qd2 Nb4 30. e4 Nc6 31. Qc2 Rb8 32. a4 Nd4 33. Qc1
Nf3+ 34. Kg2 Ng5 0-1

[Event "International Tournament "]
[Site "Paracin, Hotel "]
[Date "2017.07.11"]
[Round "5.18"]
[White "Injac, Teodora"]
[Black "Ostojic, Nikola"]
[Result "0-1"]
[WhiteElo "2290"]
[BlackElo "2412"]
[PlyCount "96"]
[EventDate "2017.07.07"]

1. Nf3 g6 2. d4 Bg7 3. c4 d6 4. Nc3 Bg4 5. e3 Nf6 6. h3 Bf5 7. g4 Bd7 8. Bg2
O-O 9. Qe2 Nc6 10. d5 Nb8 11. O-O Bc8 12. e4 Nfd7 13. Bg5 Re8 14. Rad1 c6 15.
Ne1 Qc7 16. Nc2 a5 17. Ne3 a4 18. a3 Nc5 19. Kh1 Nbd7 20. Rg1 e6 21. Bf4 Ne5
22. g5 Nb3 23. Bh2 exd5 24. cxd5 c5 25. Nb5 Qb6 26. f4 Nd7 27. Ng4 Nd4 28. Nxd4
cxd4 29. Qf2 Nc5 30. Nf6+ Bxf6 31. gxf6 Nxe4 32. Bxe4 Rxe4 33. Qh4 Qd8 34. Rde1
Bf5 35. Rgf1 Ra5 36. Kg1 Rxd5 37. Rxe4 Bxe4 38. f5 Bxf5 39. Re1 Bd7 40. Re7 Bc6
41. Bf4 h5 42. Bh6 d3 43. Qe4 Rg5+ 44. Bxg5 Bxe4 45. Rxe4 Qa5 46. Be3 d2 47.
Rd4 Qc5 48. Kf2 Qxd4 0-1

[Event "International Tournament "]
[Site "Paracin, Hotel "]
[Date "2017.07.11"]
[Round "5.19"]
[White "Emiroglu, Cankut"]
[Black "Radovanovic, Nikola"]
[Result "1/2-1/2"]
[WhiteElo "2277"]
[BlackElo "2399"]
[PlyCount "55"]
[EventDate "2017.07.07"]

1. e4 c5 2. Nf3 e6 3. d4 cxd4 4. Nxd4 Nf6 5. Nc3 d6 6. Bd3 Be7 7. O-O Nc6 8.
Nb3 a6 9. a4 b6 10. f4 O-O 11. Qf3 Bb7 12. Qh3 Qc7 13. Be3 Nb4 14. Rae1 d5 15.
e5 Ne4 16. Bd4 Nxd3 17. cxd3 Nc5 18. Nd2 Qd7 19. b3 b5 20. a5 b4 21. Ne2 Qb5
22. Rf3 f5 23. exf6 Bxf6 24. Rg3 Rae8 25. Qh6 Bxd4+ 26. Nxd4 Qd7 27. Qg5 Kh8
28. Rge3 1/2-1/2

[Event "International Tournament "]
[Site "Paracin, Hotel "]
[Date "2017.07.11"]
[Round "5.20"]
[White "Brankovic, Dejan"]
[Black "Lazov, Toni"]
[Result "1-0"]
[WhiteElo "2377"]
[BlackElo "2279"]
[PlyCount "137"]
[EventDate "2017.07.07"]

1. e4 c5 2. Nf3 d6 3. d4 Nf6 4. Nc3 cxd4 5. Nxd4 a6 6. Bg5 Nbd7 7. Bc4 Qb6 8.
Bb3 e6 9. Qd2 Be7 10. O-O-O Nc5 11. Rhe1 Qc7 12. f4 h6 13. Bxf6 Bxf6 14. Kb1
Bd7 15. Nf3 Be7 16. e5 d5 17. f5 O-O-O 18. Nd4 Bc6 19. Qe3 Rhe8 20. Qh3 Bf8 21.
fxe6 Nxe6 22. Nxe6 fxe6 23. Nxd5 Qa5 24. Nf4 Rxd1+ 25. Rxd1 Qxe5 26. Qg4 Kb8
27. Nxe6 Be7 28. Nd4 Be4 29. Nf3 Bxf3 30. Qxf3 Bf6 31. c3 Qe4+ 32. Qxe4 Rxe4
33. Bd5 Re7 34. Bf3 Kc7 35. Kc2 b6 36. Rd5 Re5 37. Rd4 b5 38. a4 Rc5 39. Rf4
bxa4 40. Rxa4 a5 41. Re4 Be5 42. h4 Kd6 43. h5 Rb5 44. Re1 Kc7 45. Rd1 Bf6 46.
Rd2 Rc5 47. Kb3 Kb6 48. Rd6+ Kc7 49. Ra6 Rb5+ 50. Ka3 Be7+ 51. Ka2 Bf6 52. Rc6+
Kb8 53. b3 Re5 54. Ka3 Re3 55. c4 Re1 56. Ka4 Bc3 57. c5 Rb1 58. Rb6+ Ka7 59.
Bd5 Rd1 60. Bc4 Rd2 61. Kb5 Rxg2 62. Bd5 Rg5 63. Rb7+ Ka8 64. Rd7+ Kb8 65. Kb6
Kc8 66. Be6 Bf6 67. Rd6+ Kb8 68. c6 Ka8 69. c7 1-0

[Event "International Tournament "]
[Site "Paracin, Hotel "]
[Date "2017.07.11"]
[Round "5.21"]
[White "Jocev, Milan"]
[Black "Djordjevic, Vuk"]
[Result "1/2-1/2"]
[WhiteElo "2185"]
[BlackElo "2377"]
[PlyCount "94"]
[EventDate "2017.07.07"]

1. e4 e6 2. d4 d5 3. Nd2 Nc6 4. Ngf3 Nf6 5. e5 Nd7 6. c4 Be7 7. Bd3 Nb4 8. Bb1
dxc4 9. Nxc4 b5 10. Ne3 Bb7 11. O-O c5 12. a3 Nd5 13. Nxd5 Bxd5 14. Be3 c4 15.
Nd2 Nb6 16. Qg4 g6 17. Be4 h5 18. Qf3 Qd7 19. Rfc1 Rc8 20. h3 a5 21. Qg3 Qc6
22. f3 Qd7 23. Kh1 Qd8 24. Bxd5 Bh4 25. Qf4 Nxd5 26. Qe4 Be7 27. a4 Qd7 28.
axb5 Qxb5 29. Rc2 Bb4 30. Nf1 c3 31. Ng3 Kd7 32. Bg5 cxb2 33. Rxb2 Qa6 34. Rxb4
Nxb4 35. Qf4 Rhf8 36. Ne4 Nd5 37. Qd2 a4 38. Qb2 Rc6 39. Qa3 Rfc8 40. Nc5+ Rxc5
41. dxc5 Qb5 42. Qxa4 Qxa4 43. Rxa4 Rxc5 44. Ra8 Rc8 45. Rxc8 Kxc8 46. g4 hxg4
47. fxg4 Kd7 1/2-1/2

[Event "International Tournament "]
[Site "Paracin, Hotel "]
[Date "2017.07.11"]
[Round "5.22"]
[White "Nestorovic, Dejan"]
[Black "Zegarac, Vuk"]
[Result "1-0"]
[WhiteElo "2358"]
[BlackElo "2276"]
[PlyCount "107"]
[EventDate "2017.07.07"]

1. d4 d5 2. c4 c6 3. Nf3 Nf6 4. e3 e6 5. Nc3 Nbd7 6. Qc2 Bd6 7. b3 O-O 8. Bb2
b6 9. Be2 Bb7 10. O-O Qe7 11. e4 dxe4 12. Nxe4 Nxe4 13. Qxe4 Nf6 14. Qh4 Ba3
15. Bc3 Bb4 16. Rac1 Bxc3 17. Rxc3 c5 18. dxc5 Qxc5 19. Re3 Qh5 20. Qf4 Qg4 21.
Qxg4 Nxg4 22. Rd3 Rfd8 23. Rfd1 Rxd3 24. Rxd3 Bxf3 25. Bxf3 Ne5 26. Rd2 Re8 27.
Bb7 Kf8 28. f4 Ng6 29. g3 Ke7 30. Kf2 Rd8 31. Rxd8 Kxd8 32. Ke3 Kc7 33. Be4 f5
34. Bc2 Kd6 35. b4 Ne7 36. Kd4 Nc6+ 37. Kc3 Ne7 38. Bd1 e5 39. fxe5+ Kxe5 40.
Bf3 g5 41. c5 bxc5 42. bxc5 Nd5+ 43. Kc4 Nc7 44. a4 h6 45. h3 Kf6 46. Kd4 Ke6
47. Bb7 Kf6 48. Bc8 h5 49. h4 g4 50. c6 Ne6+ 51. Bxe6 Kxe6 52. c7 Kd7 53. Ke5
Kxc7 54. Kxf5 1-0

[Event "International Tournament "]
[Site "Paracin, Hotel "]
[Date "2017.07.11"]
[Round "5.23"]
[White "Karaahmetoglu, Ege"]
[Black "Pantelic, Sasa"]
[Result "1/2-1/2"]
[WhiteElo "2034"]
[BlackElo "2358"]
[PlyCount "103"]
[EventDate "2017.07.07"]

1. e4 d5 2. exd5 Qxd5 3. Nc3 Qa5 4. Nf3 Bf5 5. b4 Qb6 6. Rb1 Nf6 7. Bc4 e6 8.
O-O Be7 9. d3 c6 10. Be3 Qc7 11. h3 Nd5 12. Bxd5 exd5 13. Nd4 Bc8 14. Qf3 O-O
15. Bf4 Qd8 16. Qg3 Bh4 17. Qh2 Bf6 18. Nce2 Be6 19. b5 Re8 20. bxc6 Nxc6 21.
Nb5 Bxh3 22. Ng3 Be6 23. Nc7 Qd7 24. Nxa8 Rxa8 25. Rfe1 g6 26. Nf1 Nd4 27. Ne3
Rc8 28. c4 dxc4 29. dxc4 Bxc4 30. Be5 Bxe5 31. Qxe5 Nc6 32. Qb2 Be6 33. Qxb7
Qxb7 34. Rxb7 Bxa2 35. Rc1 Be6 36. Rc2 Kg7 37. g4 g5 38. Rc5 h6 39. Kg2 Ne7 40.
Rxc8 Nxc8 41. Rc7 a5 42. Rc5 a4 43. Ra5 Bb3 44. Nf5+ Kf6 45. f3 Ne7 46. Ra6+
Be6 47. Nxe7 Kxe7 48. Rxa4 Kf6 49. Ra5 Kg6 50. Kg3 h5 51. gxh5+ Kxh5 52. Ra1
1/2-1/2

[Event "International Tournament "]
[Site "Paracin, Hotel "]
[Date "2017.07.11"]
[Round "5.24"]
[White "Chekletsov, Ilya"]
[Black "Taylor, Adam C"]
[Result "1-0"]
[WhiteElo "2350"]
[BlackElo "2265"]
[PlyCount "117"]
[EventDate "2017.07.07"]

1. d4 Nf6 2. c4 e6 3. g3 d5 4. Bg2 Be7 5. Nf3 O-O 6. O-O dxc4 7. Qc2 b5 8. a4
b4 9. Nbd2 Bb7 10. Nxc4 Nbd7 11. Bf4 Be4 12. Qc1 Rc8 13. Rd1 Nd5 14. Nce5 Bd6
15. Bg5 f6 16. Nc6 Qe8 17. Bd2 N7b6 18. Nh4 Bxg2 19. Nxg2 a5 20. Qc2 Nc3 21.
bxc3 Qxc6 22. Rdc1 bxc3 23. Bxc3 Ra8 24. Ne1 Nd5 25. Nd3 Rfb8 26. Qd2 Nxc3 27.
Rxc3 Qe4 28. Rc4 h5 29. f3 Qd5 30. Rac1 Ba3 31. R1c2 Rb1+ 32. Kg2 h4 33. Nf4
Qf5 34. Qe3 hxg3 35. hxg3 Bd6 36. Qxe6+ Qxe6 37. Nxe6 Rb4 38. d5 Rab8 39. Nd4
Rb1 40. Nb5 R1xb5 41. axb5 Rxb5 42. e4 Rb7 43. f4 Kf7 44. Re2 Ke7 45. e5 fxe5
46. fxe5 Bb4 47. Kf3 Kd7 48. Ke4 Be7 49. Rec2 Ra7 50. Ra2 Ra6 51. e6+ Kd8 52.
Rca4 Bd6 53. Rxa5 Rb6 54. Ra8+ Ke7 55. Rg8 Kf6 56. Rf2+ Kg6 57. Rf7 Rb4+ 58.
Kf3 Be5 59. e7 1-0

[Event "International Tournament "]
[Site "Paracin, Hotel "]
[Date "2017.07.11"]
[Round "5.25"]
[White "Konstantinov, Aleksandar"]
[Black "Costachi, Mihnea"]
[Result "0-1"]
[WhiteElo "2262"]
[BlackElo "2427"]
[PlyCount "52"]
[EventDate "2017.07.07"]

1. d4 d5 2. c4 c6 3. cxd5 cxd5 4. Bf4 Nc6 5. e3 Nf6 6. Nc3 Bf5 7. Qb3 Na5 8.
Qa4+ Bd7 9. Qc2 Rc8 10. Bd3 b5 11. a3 e6 12. Nf3 Be7 13. O-O O-O 14. Qe2 Nc4
15. Ne5 Be8 16. Rfd1 Qb6 17. e4 dxe4 18. Nxe4 Nd5 19. Bg3 f5 20. Nc3 f4 21. Qe4
g6 22. Nxd5 exd5 23. Qxd5+ Kh8 24. Bxc4 bxc4 25. Nd7 Bxd7 26. Qxd7 Rc7 0-1

[Event "International Tournament "]
[Site "Paracin, Hotel "]
[Date "2017.07.11"]
[Round "5.26"]
[White "Lazic, Ljubisa"]
[Black "Dimitrov, Vladimir"]
[Result "1/2-1/2"]
[WhiteElo "2217"]
[BlackElo "2359"]
[PlyCount "42"]
[EventDate "2017.07.07"]

1. d4 Nf6 2. Nf3 e6 3. Bf4 c5 4. c3 Nc6 5. e3 d5 6. Nbd2 Bd6 7. Bg3 O-O 8. Bd3
b6 9. Ne5 Ne7 10. O-O Bb7 11. Qe2 Nf5 12. f4 Ne4 13. Be1 f6 14. Ng4 Be7 15. Nf2
Nfd6 16. Qf3 f5 17. Qe2 a5 18. a4 Qc8 19. Nf3 Ba6 20. Bxa6 Qxa6 21. Qxa6 Rxa6
1/2-1/2